<?xml version="1.0" encoding="UTF-8"?>
<record
    xmlns:xsi="http://www.w3.org/2001/XMLSchema-instance"
    xsi:schemaLocation="http://www.loc.gov/MARC21/slim http://www.loc.gov/standards/marcxml/schema/MARC21slim.xsd"
    xmlns="http://www.loc.gov/MARC21/slim">

  <leader>00706nam a22001937a 4500</leader>
  <datafield tag="020" ind1=" " ind2=" ">
    <subfield code="a">9789386296979</subfield>
    <subfield code="c">250.00</subfield>
  </datafield>
  <datafield tag="035" ind1=" " ind2=" ">
    <subfield code="a">B-687396-398</subfield>
  </datafield>
  <datafield tag="037" ind1=" " ind2=" ">
    <subfield code="b">Uppal Book Store</subfield>
  </datafield>
  <datafield tag="082" ind1=" " ind2=" ">
    <subfield code="a">820.9008</subfield>
  </datafield>
  <datafield tag="100" ind1=" " ind2=" ">
    <subfield code="a">Borgohain, Pradipta</subfield>
  </datafield>
  <datafield tag="245" ind1=" " ind2=" ">
    <subfield code="a">Victroian Literature/</subfield>
    <subfield code="c">Pradipta Borgohain</subfield>
  </datafield>
  <datafield tag="260" ind1=" " ind2=" ">
    <subfield code="a">Hyderabad</subfield>
    <subfield code="b">Orient Blackswan Pvt. Ltd.</subfield>
    <subfield code="c">2017</subfield>
  </datafield>
  <datafield tag="270" ind1=" " ind2=" ">
    <subfield code="a">3-6-752 Himayatnagar</subfield>
    <subfield code="b">Hyderabad </subfield>
    <subfield code="e">500013</subfield>
  </datafield>
  <datafield tag="300" ind1=" " ind2=" ">
    <subfield code="a">225p.</subfield>
    <subfield code="b">22cm</subfield>
  </datafield>
  <datafield tag="490" ind1=" " ind2=" ">
    <subfield code="a">Literary Contexts</subfield>
  </datafield>
  <datafield tag="700" ind1=" " ind2=" ">
    <subfield code="a">Nayar, Pramod K.</subfield>
  </datafield>
  <datafield tag="942" ind1=" " ind2=" ">
    <subfield code="2">ddc</subfield>
    <subfield code="c">EN</subfield>
    <subfield code="h">820.9008</subfield>
    <subfield code="k">BOR</subfield>
  </datafield>
  <datafield tag="999" ind1=" " ind2=" ">
    <subfield code="c">153063</subfield>
    <subfield code="d">153063</subfield>
  </datafield>
  <datafield tag="952" ind1=" " ind2=" ">
    <subfield code="0">0</subfield>
    <subfield code="1">0</subfield>
    <subfield code="4">0</subfield>
    <subfield code="7">0</subfield>
    <subfield code="8">NFIC</subfield>
    <subfield code="a">L</subfield>
    <subfield code="b">L</subfield>
    <subfield code="d">2018-06-25</subfield>
    <subfield code="e">Uppal/14846/04.12.17/691/20.11.17/10.1.18</subfield>
    <subfield code="g">250.00</subfield>
    <subfield code="l">5</subfield>
    <subfield code="m">4</subfield>
    <subfield code="o">820.9008</subfield>
    <subfield code="p">B-687396</subfield>
    <subfield code="r">2024-04-01 00:00:00</subfield>
    <subfield code="s">2024-02-07</subfield>
    <subfield code="t">1</subfield>
    <subfield code="v">250.00</subfield>
    <subfield code="y">EN</subfield>
  </datafield>
  <datafield tag="952" ind1=" " ind2=" ">
    <subfield code="0">0</subfield>
    <subfield code="1">0</subfield>
    <subfield code="4">0</subfield>
    <subfield code="7">0</subfield>
    <subfield code="8">NFIC</subfield>
    <subfield code="a">AV</subfield>
    <subfield code="b">AV</subfield>
    <subfield code="d">2018-06-25</subfield>
    <subfield code="e">Uppal/14846/04.12.17/691/20.11.17/10.1.18</subfield>
    <subfield code="g">250.00</subfield>
    <subfield code="l">2</subfield>
    <subfield code="m">3</subfield>
    <subfield code="o">820.9008</subfield>
    <subfield code="p">B-687397</subfield>
    <subfield code="r">2025-09-23 00:00:00</subfield>
    <subfield code="s">2025-08-21</subfield>
    <subfield code="t">1</subfield>
    <subfield code="v">250.00</subfield>
    <subfield code="y">EN</subfield>
  </datafield>
  <datafield tag="952" ind1=" " ind2=" ">
    <subfield code="0">0</subfield>
    <subfield code="1">0</subfield>
    <subfield code="4">0</subfield>
    <subfield code="7">0</subfield>
    <subfield code="8">NFIC</subfield>
    <subfield code="a">BL1</subfield>
    <subfield code="b">BL1</subfield>
    <subfield code="d">2018-06-25</subfield>
    <subfield code="e">Uppal/14846/04.12.17/691/20.11.17/10.1.18</subfield>
    <subfield code="g">250.00</subfield>
    <subfield code="l">12</subfield>
    <subfield code="m">22</subfield>
    <subfield code="o">820.9008</subfield>
    <subfield code="p">B-687398</subfield>
    <subfield code="r">2024-08-22 00:00:00</subfield>
    <subfield code="s">2024-07-11</subfield>
    <subfield code="t">1</subfield>
    <subfield code="v">250.00</subfield>
    <subfield code="y">EN</subfield>
  </datafield>
</record>
